000
00291nam a22001337a 4500
008
170526b xxu||||| |||| 00| 0 eng d
020
_a
9780827348370
041
_a
eng
080
_a
621
100
_a
25
101
_a
IM
245
_a
PRODUCTION TECHNOLOGY
_c
KOMACEK,S.A
942
_2
udc
_c
BK
999
_c
14306
_d
14306